000 002590000a22001210004500
041 0 _aSPA
082 0 4 _aDVD 001
100 1 _aLucado, Max
245 1 0 _aTĂș eres especial / Max Lucado
505 0 0 _aUna historia sobre la autoestima
001 992
942 _cLGB
999 _c48168
_d48168